Expresión literaria del placer en la Biblia hebrea
Αποθηκεύτηκε σε:
| Κύριος συγγραφέας: | |
|---|---|
| Μορφή: | Βιβλίο |
| Γλώσσα: | Ισπανικά |
| Έκδοση: |
Pamplona
Verbo Divino
2010
|
| Σειρά: | Asociación Bíblica Española, 51
|
| Θέματα: | |
| Ετικέτες: |
Προσθήκη ετικέτας
Δεν υπάρχουν, Καταχωρήστε ετικέτα πρώτοι!
|
MARC
| LEADER | 00000cam a2200000 a 4500 | ||
|---|---|---|---|
| 001 | UCG4986 | ||
| 003 | CL-VaPUC | ||
| 008 | 101216e20100000SP |||||||||||||||||spa|d | ||
| 020 | |a 9788499451121 | ||
| 082 | 0 | 4 | |a 233 |b TRE |2 21 |
| 100 | 0 | |a Treek Nilsson, Mike van |e author |9 554485 | |
| 245 | 1 | 0 | |a Expresión literaria del placer en la Biblia hebrea |
| 300 | |a 444 p | ||
| 942 | |c BK | ||
| 945 | |d 20101216 00:00:00 |a dcastane | ||
| 260 | |a Pamplona |b Verbo Divino |c 2010 | ||
| 650 | 0 | |a Antropología cristiana |9 408739 | |
| 650 | 0 | |a Antropología teológica |9 464224 | |
| 650 | 0 | |a Biblia |9 257603 | |
| 650 | 0 | |a Crítica e interpretación |9 255042 | |
| 650 | 7 | |a PLACER |2 CL-VaPUC |9 321616 | |
| 583 | |a last modification |c 20151113 10:00:42 |k Rodrigo Vera | ||
| 490 | 0 | |a Asociación Bíblica Española, 51 | |
| 999 | |c 343573 |d 343571 | ||
| 952 | |0 0 |1 0 |4 0 |6 233_000000000000000_TRE_2010 |7 0 |8 A |9 440975 |a BIBTEO |b BIBTEO |d 2019-11-22 |i 4743202 |o 233 TRE 2010 |p 4743202 |r 2025-01-17 |w 2019-11-22 |y BK |k ICR | ||
| 952 | |0 0 |1 0 |3 erb |4 0 |6 233_000000000000000_TRE_2010 |7 0 |8 A |9 440976 |a BIBTEO |b BIBTEO |i 5250579 |o 233 TRE 2010 |p 5250579 |r 2025-01-17 |w 2019-11-22 |y BK |z Catalogado en:20151120 |k ICR | ||